01406njm a2200277Ia 4500001000600000003000900006005001700015008004100032040001300073040001300086041001300099100002200112100001800134100003800152245002700190250001100217260001100228260007000239300001700309300003000326500009900356505049100455650005700946700005901003700006601062H5022IT-RoPAU20220918181111.0131025s9999 xx 000 0 und d aIT-RoPAU cIT-RoPAU aITALIANO aRossini Gioachino eAutore musica gCodice autore musica SPICS: 11125 aAlza la voce con forza a1a ed. aMILANO bMULTIMEDIA SAN PAOLOc2004 [1a Ed.:2004 - Ed. Lingua Orig.: 2004] aCOMPACT DISC c55 minuti (Testo: 0 pag.) aParlato con musiche di accompagnamento. Salmi proclamati dalla viva voce di Giovanni Paolo II. aIl cammino dell'uomo: Lavami - La voce dei poveri - Ti ho amato per primo - Chi manderò€? - Alza la voce con forza - Eccomi - Tu sei il mio pastore - Progetto di vita - Signore, ti amo - Con te non ho paura - Fedeli alla scelta. Spalancate le porte a Cristo: La profezia; l'annuncio - L'attesa - La nascita -La liberazione - Ti cerca - Amore infinito - E' risorto - Rallegratevi. La madre: Regina del cielo - Madre della Chiesa - Madre e regina - Regina della pace - Maria di Nazareth. aRELIGIOSO [COMPACT DISC]eCodice MATERIA SPICS: 9949 aDonizetti GaetanoeAutore gCodice autore SPICS: 10737 aGiovanni Paolo IIgCodice interprete SPICS: 52945eInterprete